Statistics for Major Mountain Ranges in Central Asia

Click here to take the quiz!

General Stats

  • This quiz has been taken 13 times
    (12 since last reset)
  • The average score is 5 of 8

Answer Stats

Countries Mtn. Range % Correct
Kyrgyzstan, China, (Tajikistan), (Kazakhstan)Tian Shan
92%
Afghanistan, (Pakistan)Hindu Kush
75%
Kyrgyzstan, Tajikistan, AfghanistanPamir
75%
Russia, KazakhstanUral
75%
Mongolia, China, Kazakhstan, RussiaAltai
67%
IranZagros
42%
IranElburz
25%
Myanmar, Bhutan, Nepal, India, Pakistan, ChinaHimilaya
8%

Score Distribution

Percentile by Number Answered

Percent of People with Each Score

Your Score History

You have not taken this quiz since the last reset